Gotické architektonické pamiatky Bratislavy

Salvato in:
Dettagli Bibliografici
Autori principali: Jankovič, Stanislav (Autore), Bauerová, Gabriela (Autore), Machová, Alžbeta (Autore)
Natura: Libro
Lingua:slovacco
Pubblicazione: Bratislava : Príroda, 1984
Edizione:1.vyd.
Soggetti:
Tags: Aggiungi Tag
Nessun Tag, puoi essere il primo ad aggiungerne!!

MARC

LEADER 00000nam a22000003a 4500
001 stu13539
005 20150617225759.7
008 960627s1984----cs------------------slo-d
040 |a STU  |b slo 
041 0 |a slo 
044 |a cs 
100 1 |a Jankovič, Stanislav  |4 aut 
245 1 |a Gotické architektonické pamiatky Bratislavy 
250 |a 1.vyd.  
260 |a Bratislava :  |b Príroda,  |c 1984 
300 |a nestr 
650 7 |a Bratislava  |2 stusub 
700 1 |a Bauerová, Gabriela  |4 aut 
700 1 |a Machová, Alžbeta  |4 aut 
996 |b 284AU02190  |c A*2028 U  |l AAKNAR  |s A  |a 24  |w stu13539_0001